| Поле | Инд. | ПП | Название | Значение |
|---|---|---|---|---|
| Тип записи | a | |||
| Библиографический уровень | b | |||
| 001 | Контрольный номер | RU/IS/BASE/234637065 | ||
| 005 | Дата корректировки | 20200610181717.0 | ||
| 040 | b | Код языка каталог. | rus | |
| e | Правила каталог. | PSBO | ||
| 041 | 0_ | a | Код языка текста | rus |
| 084 | a | Индекс другой классификации/Индекс ББК | 81.411.2-213-3 | |
| 100 | 1_ | a | Автор | Шереметьева Е. С. |
| 245 | 10 | a | Заглавие | Семантико-синтаксические особенности отыменных релятивов цели (к проблеме синтагматических свойств предлога) |
| 504 | a | Библиография | Библиогр. - Примеч.: с. 26 | |
| 520 | 0_ | a | Аннотация | Одной из актуальных проблем является "степень опредложевания" знаменательных лексем, в первую очередь отдельных форм имен существительных, выполняющих функцию, аналогичную предложной. С этой точки зрения интересна группа "в целях, с целью, в надежде, в надежде на, в расчете, в расчете на". Эти единицы являются яркой иллюстрацией активно развивающегося в русском языке процесса - "релятивизации" косвенной формы имени существительного |
| 650 | 04 | a | Основная рубрика | грамматика |
| a | Основная рубрика | лексикология | ||
| a | Основная рубрика | русский язык | ||
| a | Основная рубрика | филологические науки | ||
| a | Основная рубрика | частное языкознание | ||
| a | Основная рубрика | языкознание | ||
| 653 | 0_ | a | Ключевые слова | лексическая семантика |
| a | Ключевые слова | предлоги | ||
| a | Ключевые слова | производные предлоги | ||
| a | Ключевые слова | релятивизация | ||
| a | Ключевые слова | синтаксические свойства | ||
| a | Ключевые слова | существительное | ||
| a | Ключевые слова | филологи | ||
| a | Ключевые слова | целевые отношения | ||
| a | Ключевые слова | части речи | ||
| 773 | 0_ | t | Заглавие источника | Вестник Московского университета. Серия 9, Филология |
| d | Дата издания источника | 2006 | ||
| g | Прочая информация | № 6. - С. 9 - 26 | ||
| w | Контрольный № источника | RU/IS/BASE/225296183 | ||
| 901 | t | Тип документа | b |